00479nam a2200169Ia 450000500170000000800410001702000260005804000190008404100120010308200150011510000160013024500780014626000340022430000180025865000230027685000100029920231009102202.0131103s9999 xx 000 0 und d a1850760055cGBP:13.95 aLoreto College aEnglish a702.8bGUI aGuild,Robin 4aThe Finishing Touchb making the most of the things you own cRobin Guild aLondonbThe Apple Pressc1984 a263 p.b ill. aFiction in English aLCLIB